Transfery Zagłębia Lubin w letnim okienku transferowym 2021/22. - Statystyki

Ogólne statystyki
  • Ten quiz został rozwiązany 16 razy
  • Średni wynik to 4 z 5
Statystyki odpowiedzi
Cena Pozycja Narodowość Poprzedni Klub Piłkarz % Poprawnych
? Ofensywny pomocnik Japonia Stomil Olsztyn Hinokio
100%
Wypożyczenie Prawy napastnik Czechy Slovan Bratislava Daniel
86%
Za darmo Środkowy obrońca Hiszpania Michalovce Soler
86%
300 tys Środkowy pomocnik Rosja Krasnodar Zhigulev
57%
Wypożyczenie Środkowy napastnik Czechy Banik Ostrava Zajic
50%
Nie znaleziono quizów pasujących do podanych kryteriów
Rozkład punktacji
Procent ludzi z każdym wynikiem
Percentyl według liczby udzielonych odpowiedzi
Twoja historia wyników
Nie rozwiązałeś tego quizu